000 00734cam a2200241 a 4500
001 1634670
005 20241107130116.0
008 960422s1997 ilua b 001 0 eng
020 _a0256194068
020 _a9780256194067
020 _a0256215332 (instructor's ed.)
050 0 0 _aTS155
_b.S3244 1997
082 0 0 _a658.5
_220
100 1 _aSchonberger, Richard.
245 1 0 _aOperations management :
_bcustomer-focused principles /
_cRichard J. Schonberger, Edward M. Knod, Jr.
250 _a6th ed.
260 _aChicago :
_bIrwin,
_cc1997.
300 _axii, 723 p. :
_bill. (some col.) ;
_c27 cm.
500 _aIncludes Index
650 0 _aProduction management.
700 1 _aKnod, Edward M.
942 _2lcc
_cBK
_e6th Ed.
_n0
999 _c803
_d803